Biggest Cities in Kentucky on a Map - Statistics

General Stats
  • This quiz has been taken 489 times
  • The average score is 6 of 10
Answers on the Map
Answers color-coded by a green-red scale on the quiz's map according to % correct below.
 
Answer Stats
Population City % Correct
617,638 Louisville
99%
323,152 Lexington
97%
70,543 Bowling Green
81%
60,131 Owensboro
69%
40,341 Covington
66%
36,157 Richmond
48%
33,004 Florence
44%
34,992 Georgetown
43%
30,680 Hopkinsville
40%
30,865 Nicholasville
39%
No matching quizzes found
Score Distribution
Percent of People with Each Score
Percentile by Number Answered
Your Score History
You have not taken this quiz